00238 a2200097 4500000002500000005001700025020001800042100002200060245003800082260002000120 nam a22 7a 450020260514104426.0 a9781041041580 a Jami L. Anderson aContemporary Philosophy of Autism bRoutledgec2025